| 000 | 00479nam a2200157 4500 | ||
|---|---|---|---|
| 001 | 106995 | ||
| 003 | ES-MaACL | ||
| 005 | 20230906184325.0 | ||
| 007 | t| | ||
| 008 | 061121s1955 mx r ||||1| spa d | ||
| 100 | 1 |
_aMoral, Luis Felipe del. _982940 |
|
| 245 | 1 | 0 |
_aSerafín Sánchez _b: un carácter al servicio de Cuba / _cLuís Felipe del Moral. |
| 260 |
_aMéxico, etc : _bMirador, _c1955. |
||
| 300 |
_a350 p. : _b1 lám ; _c20 cm. |
||
| 852 |
_aES-MaACL _jC-15092 _bR.43110 |
||
| 999 |
_c106995 _d106995 |
||